书目信息 |
| 题名: |
装修的逻辑
|
|
| 作者: | ;申远空间设计 编著 | |
| 分册: | ||
| 出版信息: | 上海 上海人民出版社 2011.01 |
|
| 页数: | 212页 | |
| 开本: | 29cm | |
| 丛书名: | ||
| 单 册: | ||
| 中图分类: | TU767 | |
| 科图分类: | ||
| 主题词: | 住宅--zhu zhai--室内装修--基本知识 | |
| 电子资源: | ||
| ISBN: | 978-7-208-09595-3 | |
| 000 | 00782nam0 2200229 450 | |
| 001 | 012011123570 | |
| 005 | 20110426114341.84 | |
| 010 | @a978-7-208-09595-3@dCNY88.00 | |
| 100 | @a20110426d2011 em y0chiy0120 ea | |
| 101 | 0 | @achi |
| 102 | @aCN@b310000 | |
| 105 | @aa z 000yy | |
| 106 | @ar | |
| 200 | 1 | @a装修的逻辑@Azhuang xiu de luo ji@f申远空间设计编著@Fshen yuan kong jian she ji bian zhu |
| 210 | @a上海@c上海人民出版社@d2011.01 | |
| 215 | @a212页@c图@d29cm | |
| 330 | @a本书内容包括:寻找家装公司和家装流程、选择适合自己的家装风格、说说预算那些事、建材决定品质等。 | |
| 606 | 0 | @a住宅@Azhu zhai@x室内装修@x基本知识 |
| 690 | @aTU767@v4 | |
| 711 | 02 | @a申远空间设计@Ashen yuan kong jian she ji@4编著 |
| 801 | 0 | @aCN@bQSSK@c20110426 |
| 905 | @b792351-55@dTU767@eS370@f5 | |
| 装修的逻辑/申远空间设计编著.-上海:上海人民出版社,2011.01 |
| 212页:图;29cm |
| ISBN 978-7-208-09595-3:CNY88.00 |
| 本书内容包括:寻找家装公司和家装流程、选择适合自己的家装风格、说说预算那些事、建材决定品质等。 |
| ● |
| 相关链接 |
|
|
|
正题名:装修的逻辑
索取号:TU767/S370
 
预约/预借
| 序号 | 登录号 | 条形码 | 馆藏地/架位号 | 状态 | 备注 |
| 1 | 792351 | 207923513 | 建筑库201/201建筑库 46排1列2层/ [索取号:TU767/S370] | 在馆 | |
| 2 | 792352 | 207923522 | 建筑库201/201建筑库 46排1列2层/ [索取号:TU767/S370] | 在馆 | |
| 3 | 792353 | 207923531 | 建筑库201/201建筑库 46排1列2层/ [索取号:TU767/S370] | 在馆 | |
| 4 | 792354 | 207923540 | 建筑库201/201建筑库 46排1列2层/ [索取号:TU767/S370] | 在馆 | |
| 5 | 792355 | 207923559 | 建筑库201/201建筑库 46排1列2层/ [索取号:TU767/S370] | 在馆 |